000 00673nam a22001937a 4500
001 BD-DhSAU 9752
003 BD-DhSAU
005 20150624150901.0
008 150224b1982 |||||r|||| 00| 0 b d
040 _aBD-DhSAU
082 _222
_a...
_bআশুসো
100 _aমুখোপাধ্যায়, আশেুতোষ
245 _aবাসকশয়ন /
_cআশেুতোষ মুখোপাধ্যায়,
260 _aকলিকাতা :
_bদে’জ পাব: ,
_c১৯৮২
300 _a১৯১ পৃ. :
_bচিত্র.
_c২১ সে মি।।
590 _aerfat
650 _aউপন্যাস
942 _2ddc
_cBOOK
999 _c9752
_d9752